Vista normal Vista MARC

Entrada Personal Name

Número de registros utilizados en: 1

001 - CONTROL NUMBER

  • control field: 62938

003 - CONTROL NUMBER IDENTIFIER

  • control field: OSt

005 - DATE AND TIME OF LATEST TRANSACTION

  • control field: 20250821202932.0

008 - FIXED-LENGTH DATA ELEMENTS

  • fixed length control field: 250821|| aca||aabn | a|a d

040 ## - CATALOGING SOURCE

  • Original cataloging agency: OSt
  • Transcribing agency: OSt

100 ## - HEADING--PERSONAL NAME

  • Personal name: García Morente, Manuel \ Fernández Prat, Olga \ Fernández Prat, Olga. Editora

670 ## - SOURCE DATA FOUND

  • Source citation: Work cat.: (OSt)58328: Descartes, René, 1596-1650 aut 62937, Discurso del método y meditaciones metafísicas /









Instituto Departamental de Cultura del Meta - Red Departamental de Bibliotecas Públicas del Meta.